Normal view MARC view

Entry Personal Name

Number of records used in: 2

001 - CONTROL NUMBER

  • control field: 73701

003 - CONTROL NUMBER IDENTIFIER

  • control field: dpl

005 - DATE AND TIME OF LATEST TRANSACTION

  • control field: 20241104170310.0

008 - FIXED-LENGTH DATA ELEMENTS

  • fixed length control field: 241104|| aca||aabn | a|a d

040 ## - CATALOGING SOURCE

  • Original cataloging agency: dpl
  • Transcribing agency: dpl

100 ## - HEADING--PERSONAL NAME

  • Personal name: Ramdhony, Reshmi

670 ## - SOURCE DATA FOUND

  • Source citation: Work cat.: (dpl)189111: Ramdhony, Reshmi, Diaspora Imagination/, 2012

© Delhi Public Library
Hit Counter
free hit counter